Этимологический словарь славянских языков. Праславянский лексический фонд (Запис № 575710)

МАРК-запис
000 -Лідер
fixed length control field 00875nam a2200217 4500
001 - Контрольний номер
control field 2162214035924568
003 - Ідентифікатор контрольного номера
control field UA-OsUOA
005 - Дата та час останнього входження (трансакції)
control field 20240108124315.0
008 - Елементи даних фіксованої довжини – загальна інформація
fixed length control field 240108b un ||||| |||| 00| 0 ukr d
040 ## - Джерело каталогізації
Агенція оригінальної каталогізації UA-OsUOA
Мова каталогізації ukr
Агенція, яка здійснювала перезапис UA-OsUOA
Агенція, яка здійснювала модифікацію UA-OsUOA
041 ## - Код мови
Код мови тексту/ звукової доріжки чи окремого заголовка (П) ukr
080 ## - Індекс Універсальної десяткової класифікації
Індекс Універсальної десяткової класифікації (УДК) (НП) (038)=161
090 ## - Локальний шифр розміщення
Класифікаційний індекс УДК (038)=161
Авторський знак (НП) Э90
245 ## - Відомості про назву
Назва (НП) Этимологический словарь славянских языков. Праславянский лексический фонд
Дані про відповідальність (НП) под ред. О. Н. Трубачева
Номер частини/ розділу роботи (П) вып. 9
Назва частини/ розділу роботи *jьz — *klenьje
260 ## - Публікація, розповсюдження і т.п. (Вихідні дані)
Місце публікації, розповсюдження і т.п. (П) Москва
Ім’я/ наймення видавництва, розповсюджувача і т.п. (П) Наука
Дата публікації, розповсюдження і т.п. (П) 1983
650 ## - Додаткове предметне введення – тематичний термін
Джерело заголовка чи терміна UDC
856 40 - Електронне місцезнаходження та доступ
Уніфікований ідентифікатор ресурсу (П) https://archive.org/details/B-001-004-137/essja09/
942 ## - Додаткові елементи входу (Коха)
Source of classification or shelving scheme Universal Decimal Classification
Тип елемента Koha Книги
955 ## - Код типу видання за змістом
Код типу видання за змістом (НП) Наукові видання
Фонди
Стан вилучень Стан втрат Джерело класифікації або схеми стелажів Стан уражень Не для кредиту Код колекції Постійне місце розташування Поточне розміщення Дата придбання Усього замовленно Повний номер виклику Штрих-код Дата останнього перегляду Ціна ефективна від Тип елемента Koha
    Universal Decimal Classification     Колекція Крекотня В. І. ЧЗ - Читальна зала ЧЗ - Читальна зала 08/01/2022   (038)=161 Э90 92778 08/01/2024 08/01/2024 Книги